Natural resources management in African agriculture : (Record no. 19263)

000 -LEADER
fixed length control field 00626cam a22001694a 4500
020 ## - INTERNATIONAL STANDARD BOOK NUMBER
ISBN 0851995845 (alk. paper)
040 ## - CATALOGING SOURCE
Transcribing agency DLC
082 00 - DEWEY DECIMAL CLASSIFICATION NUMBER
Classification number 333 ISA 2001 C153 Or.
245 00 - TITLE STATEMENT
Title Natural resources management in African agriculture :
Remainder of title understanding and improving current practices /
260 ## - PUBLICATION, DISTRIBUTION, ETC. (IMPRINT)
Place of publication Wallingford, UK ;
-- New York :
Name of publisher CABI Pub. in association with the International Centre for Research in Agroforestry,
Year of publication c2002
300 ## - PHYSICAL DESCRIPTION
Number of Pages xv, 335 p. :
Other physical details ill., maps ;
Dimensions 26 cm
650 #0 - SUBJECT ADDED ENTRY--TOPICAL TERM
Topical Term Agricultural resources
700 1# - ADDED ENTRY--PERSONAL NAME
Personal name Barrett, Christopher B.
700 1# - ADDED ENTRY--PERSONAL NAME
Personal name Place, Frank
700 1# - ADDED ENTRY--PERSONAL NAME
Personal name Aboud, Abdillahi A
942 ## - ADDED ENTRY ELEMENTS (KOHA)
Koha item type ADB
952 ## - LOCATION AND ITEM INFORMATION (KOHA)
Withdrawn status [LOCAL, KOHA] 0
Holdings
Source of acquisition Permanent Location Date acquired Koha item type Lost status Shelving location Current Location Full call number
A38499Library Block C2020-09-01សៀវភៅភាសាអង់គ្លេស C153Library Block C333 ISA 2001 C153 Or.
មជ្ឈមណ្ឌលឯការនៃសាកលវិទ្យាល័យភូមិន្ទកសិកម្មចំការដូង

Powered by Koha